000
00190 a2200097 4500
020
_a
9788498451825
041
_a
spa
100
_a
Carmen Gil
245
_a
Mi Vecina es una Bruja
942
_c
BK
999
_c
15165
_d
15165